书目信息 |
| 题名: |
燃烧、爆炸及特种效应测试技术
|
|
| 作者: | 郭三学 , 欧阳的华 编著 | |
| 分册: | ||
| 出版信息: | 西安 西安电子科技大学出版社 2014 |
|
| 页数: | 182页 | |
| 开本: | 26cm | |
| 丛书名: | ||
| 单 册: | ||
| 中图分类: | O643.2 , O38 | |
| 科图分类: | ||
| 主题词: | 燃烧--效应(化学)--测试技术--研究生--教材 , 爆炸效应--测试技术--研究生--教材 , 燃烧 , 效应(化学) , 测试技术 , 爆炸效应 | |
| 电子资源: | ||
| ISBN: | 978-7-5606-3290-2 | |
| 000 | 01220nam0 2200325 450 | |
| 001 | 012015000078 | |
| 005 | 20151130091701.00 | |
| 010 | @a978-7-5606-3290-2@dCNY25.00 | |
| 100 | @a20140826d2014 em y0chiy50 ea | |
| 101 | 0 | @achi |
| 102 | @aCN@b610000 | |
| 105 | @aa z 000yy | |
| 106 | @ar | |
| 200 | 1 | @a燃烧、爆炸及特种效应测试技术@Aran shao 、 bao zha ji te zhong xiao ying ce shi ji shu@f郭三学,欧阳的华编著 |
| 210 | @a西安@c西安电子科技大学出版社@d2014 | |
| 215 | @a182页@c图@d26cm | |
| 300 | @a“十二五”重点图书 研究生系列教材 | |
| 330 | @a本书主要介绍了含能材料及其制品的燃烧与爆炸性能的测试方法与步骤。内容包括爆炸物理参数的测试、爆炸物理参数的电探针法测试、波剖面的测试、火工品输出能力的定性测试、火工品输出能力与作用过程的定量测试、烟火药燃烧性能测试、药剂性能测试及特种效应测试等。 | |
| 606 | 0 | @a燃烧@x效应(化学)@x测试技术@x研究生@j教材 |
| 606 | 0 | @a爆炸效应@x测试技术@x研究生@j教材 |
| 606 | 0 | @a燃烧 |
| 606 | 0 | @a效应(化学) |
| 606 | 0 | @a测试技术 |
| 606 | 0 | @a爆炸效应 |
| 690 | @aO643.2@v5 | |
| 690 | @aO38@v5 | |
| 701 | 0 | @a郭三学@Aguo san xue@f(1962~)@4编著 |
| 701 | 0 | @a欧阳的华@Aou yang di hua@4编著 |
| 801 | 0 | @aCN@b碧洲教育@c20151127 |
| 905 | @a10447@f4@dO643.2@e67 | |
| 燃烧、爆炸及特种效应测试技术/郭三学,欧阳的华编著.-西安:西安电子科技大学出版社,2014 |
| 182页:图;26cm |
| “十二五”重点图书 研究生系列教材 |
| ISBN 978-7-5606-3290-2:CNY25.00 |
| 本书主要介绍了含能材料及其制品的燃烧与爆炸性能的测试方法与步骤。内容包括爆炸物理参数的测试、爆炸物理参数的电探针法测试、波剖面的测试、火工品输出能力的定性测试、火工品输出能力与作用过程的定量测试、烟火药燃烧性能测试、药剂性能测试及特种效应测试等。 |
| ● |
| 相关链接 |
|
|
|
|
正题名:燃烧、爆炸及特种效应测试技术
索取号:O643.2/67
 
预约/预借
| 序号 | 登录号 | 条形码 | 馆藏地/架位号 | 状态 | 备注 |
| 1 | 0871455 | 208714550 | 第二样本阅览室/ [索取号:O643.2/67] | 在馆 | |
| 2 | 0871456 | 208714569 | 密集书库-化学系/ [索取号:O643.2/67] | 在馆 | |
| 3 | 0871457 | 208714578 | 第三借阅区/ [索取号:O643.2/67] | 在馆 | |
| 4 | 0871458 | 208714587 | 第三借阅区/ [索取号:O643.2/67] | 在馆 |